<?xml version="1.0" encoding="UTF-8"?>
<record
    xmlns:xsi="http://www.w3.org/2001/XMLSchema-instance"
    xsi:schemaLocation="http://www.loc.gov/MARC21/slim http://www.loc.gov/standards/marcxml/schema/MARC21slim.xsd"
    xmlns="http://www.loc.gov/MARC21/slim">

  <leader>00624nam a22001577a 4500</leader>
  <controlfield tag="003">OSt</controlfield>
  <controlfield tag="005">20150928171239.0</controlfield>
  <controlfield tag="008">150928b        xxu||||| |||| 00| 0 eng d</controlfield>
  <datafield tag="040" ind1=" " ind2=" ">
    <subfield code="c">RUA</subfield>
  </datafield>
  <datafield tag="082" ind1=" " ind2=" ">
    <subfield code="a">AGR.BB KOK 2010 B060 Or.1</subfield>
  </datafield>
  <datafield tag="100" ind1=" " ind2=" ">
    <subfield code="9">1513</subfield>
    <subfield code="a">KOK, CHANNA</subfield>
  </datafield>
  <datafield tag="245" ind1=" " ind2=" ">
    <subfield code="a">Effect of organict fertilizer on lettuce at sangker didtrict, battambang province, &#x17A5;&#x1791;&#x17D2;&#x1792;&#x17B7;&#x1796;&#x179B;&#x1793;&#x17C3;&#x1787;&#x17B8;&#x1792;&#x1798;&#x17D2;&#x1798;&#x1787;&#x17B6;&#x178F;&#x17B7;&#x179B;&#x17BE;&#x178A;&#x17C6;&#x178E;&#x17B6;&#x17C6;&#x179F;&#x17B6;&#x179B;&#x17B6;&#x178A; &#x1793;&#x17C5;&#x179F;&#x17D2;&#x179A;&#x17BB;&#x1780;&#x179F;&#x1784;&#x17D2;&#x1780;&#x17C2; &#x1781;&#x17C1;&#x178F;&#x17D2;&#x178F;&#x1794;&#x17B6;&#x178F;&#x17CB;&#x178A;&#x17C6;&#x1794;&#x1784;</subfield>
  </datafield>
  <datafield tag="260" ind1=" " ind2=" ">
    <subfield code="a">Phnom Phen</subfield>
    <subfield code="b">RUA</subfield>
    <subfield code="c">2010</subfield>
  </datafield>
  <datafield tag="300" ind1=" " ind2=" ">
    <subfield code="a">XIIIII,54p.</subfield>
    <subfield code="b">ill.</subfield>
    <subfield code="c">29ccm.</subfield>
  </datafield>
  <datafield tag="942" ind1=" " ind2=" ">
    <subfield code="2">ddc</subfield>
    <subfield code="c">AGRBB</subfield>
  </datafield>
  <datafield tag="999" ind1=" " ind2=" ">
    <subfield code="c">1424</subfield>
    <subfield code="d">1424</subfield>
  </datafield>
  <datafield tag="952" ind1=" " ind2=" ">
    <subfield code="0">0</subfield>
    <subfield code="1">0</subfield>
    <subfield code="2">ddc</subfield>
    <subfield code="4">0</subfield>
    <subfield code="6">AGR__BB_KOK_2010_000000000000000_B060_OR_1</subfield>
    <subfield code="7">0</subfield>
    <subfield code="9">6237</subfield>
    <subfield code="a">LBB</subfield>
    <subfield code="b">LBB</subfield>
    <subfield code="c">B060</subfield>
    <subfield code="d">2015-09-28</subfield>
    <subfield code="o">AGR.BB KOK 2010 B060 Or.1</subfield>
    <subfield code="p">RUA009761</subfield>
    <subfield code="r">2015-09-28</subfield>
    <subfield code="w">2015-09-28</subfield>
    <subfield code="y">AGRBB</subfield>
  </datafield>
  <datafield tag="952" ind1=" " ind2=" ">
    <subfield code="0">0</subfield>
    <subfield code="1">0</subfield>
    <subfield code="2">ddc</subfield>
    <subfield code="4">0</subfield>
    <subfield code="6">AGR__BB_KOK_2010_000000000000000_B060_OR_2</subfield>
    <subfield code="7">0</subfield>
    <subfield code="9">6238</subfield>
    <subfield code="a">LBB</subfield>
    <subfield code="b">LBB</subfield>
    <subfield code="c">B060</subfield>
    <subfield code="d">2015-09-28</subfield>
    <subfield code="l">1</subfield>
    <subfield code="o">AGR.BB KOK 2010 B060 Or.2</subfield>
    <subfield code="p">RUA009833</subfield>
    <subfield code="r">2016-10-14</subfield>
    <subfield code="s">2016-10-04</subfield>
    <subfield code="w">2015-09-28</subfield>
    <subfield code="y">AGRBB</subfield>
  </datafield>
  <datafield tag="952" ind1=" " ind2=" ">
    <subfield code="0">0</subfield>
    <subfield code="1">0</subfield>
    <subfield code="2">ddc</subfield>
    <subfield code="4">0</subfield>
    <subfield code="6">AGR__BB_KOK_2010_000000000000000_B060_OR_3</subfield>
    <subfield code="7">0</subfield>
    <subfield code="9">6239</subfield>
    <subfield code="a">LBB</subfield>
    <subfield code="b">LBB</subfield>
    <subfield code="c">B060</subfield>
    <subfield code="d">2015-09-28</subfield>
    <subfield code="o">AGR.BB KOK 2010 B060 Or.3</subfield>
    <subfield code="p">RUA008931</subfield>
    <subfield code="r">2015-09-28</subfield>
    <subfield code="w">2015-09-28</subfield>
    <subfield code="y">AGRBB</subfield>
  </datafield>
  <datafield tag="952" ind1=" " ind2=" ">
    <subfield code="0">0</subfield>
    <subfield code="1">0</subfield>
    <subfield code="2">ddc</subfield>
    <subfield code="4">0</subfield>
    <subfield code="6">AGR__BB_KOK_2010_000000000000000_B060_OR_4</subfield>
    <subfield code="7">0</subfield>
    <subfield code="9">6240</subfield>
    <subfield code="a">LBB</subfield>
    <subfield code="b">LBB</subfield>
    <subfield code="c">B060</subfield>
    <subfield code="d">2015-09-28</subfield>
    <subfield code="o">AGR.BB KOK 2010 B060 Or.4</subfield>
    <subfield code="p">RUA004336</subfield>
    <subfield code="r">2015-09-28</subfield>
    <subfield code="w">2015-09-28</subfield>
    <subfield code="y">AGRBB</subfield>
  </datafield>
  <datafield tag="952" ind1=" " ind2=" ">
    <subfield code="0">0</subfield>
    <subfield code="1">0</subfield>
    <subfield code="2">ddc</subfield>
    <subfield code="4">0</subfield>
    <subfield code="6">AGR__BB_KOK_2010_000000000000000_B060_OR_5</subfield>
    <subfield code="7">0</subfield>
    <subfield code="9">6241</subfield>
    <subfield code="a">LBB</subfield>
    <subfield code="b">LBB</subfield>
    <subfield code="c">B060</subfield>
    <subfield code="d">2015-09-28</subfield>
    <subfield code="l">1</subfield>
    <subfield code="o">AGR.BB KOK 2010 B060 Or.5</subfield>
    <subfield code="p">RUA004411</subfield>
    <subfield code="r">2016-04-19</subfield>
    <subfield code="s">2016-04-05</subfield>
    <subfield code="w">2015-09-28</subfield>
    <subfield code="y">AGRBB</subfield>
  </datafield>
  <datafield tag="952" ind1=" " ind2=" ">
    <subfield code="0">0</subfield>
    <subfield code="1">0</subfield>
    <subfield code="2">ddc</subfield>
    <subfield code="4">0</subfield>
    <subfield code="6">AGR__BB_KOK_2010_000000000000000_B060_OR_6</subfield>
    <subfield code="7">0</subfield>
    <subfield code="9">6242</subfield>
    <subfield code="a">LBB</subfield>
    <subfield code="b">LBB</subfield>
    <subfield code="c">B060</subfield>
    <subfield code="d">2015-09-28</subfield>
    <subfield code="l">1</subfield>
    <subfield code="o">AGR.BB KOK 2010 B060 Or.6</subfield>
    <subfield code="p">RUA004483</subfield>
    <subfield code="r">2017-08-15</subfield>
    <subfield code="s">2017-07-25</subfield>
    <subfield code="w">2015-09-28</subfield>
    <subfield code="y">AGRBB</subfield>
  </datafield>
  <datafield tag="952" ind1=" " ind2=" ">
    <subfield code="0">0</subfield>
    <subfield code="1">0</subfield>
    <subfield code="2">ddc</subfield>
    <subfield code="4">0</subfield>
    <subfield code="6">AGR__BB_KOK_2010_000000000000000_B060_OR_7</subfield>
    <subfield code="7">0</subfield>
    <subfield code="9">15048</subfield>
    <subfield code="a">LBB</subfield>
    <subfield code="b">LBB</subfield>
    <subfield code="c">B060</subfield>
    <subfield code="d">2015-11-06</subfield>
    <subfield code="o">AGR.BB KOK 2010 B060 Or.7</subfield>
    <subfield code="p">RUA035134</subfield>
    <subfield code="r">2015-11-06</subfield>
    <subfield code="w">2015-11-06</subfield>
    <subfield code="y">AGRBB</subfield>
  </datafield>
  <datafield tag="952" ind1=" " ind2=" ">
    <subfield code="0">0</subfield>
    <subfield code="1">0</subfield>
    <subfield code="2">ddc</subfield>
    <subfield code="4">0</subfield>
    <subfield code="6">AGR__BB_KOK_2010_000000000000000_B1_222_OR_1</subfield>
    <subfield code="7">0</subfield>
    <subfield code="9">78308</subfield>
    <subfield code="a">LBB</subfield>
    <subfield code="b">LBB</subfield>
    <subfield code="c">B1.222</subfield>
    <subfield code="d">2019-02-25</subfield>
    <subfield code="o">AGR.BB KOK 2010 B1.222 Or.1</subfield>
    <subfield code="p">A36415</subfield>
    <subfield code="r">2019-02-25</subfield>
    <subfield code="w">2019-02-25</subfield>
    <subfield code="y">AGRBB</subfield>
  </datafield>
  <datafield tag="952" ind1=" " ind2=" ">
    <subfield code="0">0</subfield>
    <subfield code="1">0</subfield>
    <subfield code="2">ddc</subfield>
    <subfield code="4">0</subfield>
    <subfield code="6">AGR__BB_KOK_2010_000000000000000_B1_222_OR_1</subfield>
    <subfield code="7">0</subfield>
    <subfield code="9">78309</subfield>
    <subfield code="a">LBB</subfield>
    <subfield code="b">LBB</subfield>
    <subfield code="c">B1.222</subfield>
    <subfield code="d">2019-02-25</subfield>
    <subfield code="o">AGR.BB KOK 2010 B1.222 Or.1</subfield>
    <subfield code="p">A35876</subfield>
    <subfield code="r">2019-02-25</subfield>
    <subfield code="w">2019-02-25</subfield>
    <subfield code="y">AGRBB</subfield>
  </datafield>
</record>
